<?xml version="1.0" encoding="UTF-8"?>
<collection xmlns="http://www.loc.gov/MARC21/slim">
 <record>
  <leader>02265nam a22003137a 4500</leader>
  <controlfield tag="001">NCT_59585</controlfield>
  <controlfield tag="008">190216b        xxu||||| |||| 00| 0 vie d</controlfield>
  <datafield tag="999" ind1=" " ind2=" ">
   <subfield code="c">2893</subfield>
   <subfield code="d">2893</subfield>
  </datafield>
  <datafield tag="020" ind1=" " ind2=" ">
   <subfield code="a">9786046617990</subfield>
   <subfield code="c">93000</subfield>
  </datafield>
  <datafield tag="082" ind1="0" ind2="4">
   <subfield code="2">23rd ed.</subfield>
   <subfield code="a">616.7</subfield>
   <subfield code="b">X527</subfield>
  </datafield>
  <datafield tag="245" ind1="0" ind2="0">
   <subfield code="a">Hướng dẫn chẩn đoán và điều trị các bệnh cơ xương khớp :</subfield>
   <subfield code="b">Ban hành kèm theo Quyết định số 361/QĐ-BYT ngày 25 tháng 01 năm 2014 của Bộ trưởng Bộ Y tế</subfield>
   <subfield code="c">Nguyễn Thị Xuyên (chủ biên),  ...[et al]</subfield>
  </datafield>
  <datafield tag="250" ind1=" " ind2=" ">
   <subfield code="a">Tái bản lần thứ 1</subfield>
  </datafield>
  <datafield tag="260" ind1=" " ind2=" ">
   <subfield code="a">H.</subfield>
   <subfield code="b">Y học</subfield>
   <subfield code="c">2018</subfield>
  </datafield>
  <datafield tag="300" ind1=" " ind2=" ">
   <subfield code="a">218 tr.</subfield>
   <subfield code="c">27cm</subfield>
  </datafield>
  <datafield tag="500" ind1=" " ind2=" ">
   <subfield code="a">ĐTTS ghi: Bộ Y tế</subfield>
  </datafield>
  <datafield tag="520" ind1="3" ind2=" ">
   <subfield code="a">Sách gồm 39 bài hướng dẫn một số bệnh về cơ xương khớp. Trong đó, tập trung vào hướng dẫn thực hành chẩn đoán và điều trị, vì vậy sẽ rất hữu ích cho các thầy thuốc đa khoa, chuyên khoa trong thực hành lâm sàng hàng ngày.</subfield>
  </datafield>
  <datafield tag="653" ind1=" " ind2=" ">
   <subfield code="a">Y đa khoa</subfield>
  </datafield>
  <datafield tag="700" ind1="1" ind2=" ">
   <subfield code="a">Nguyễn Thị Xuyên</subfield>
   <subfield code="e">Chủ biên</subfield>
  </datafield>
  <datafield tag="700" ind1="1" ind2=" ">
   <subfield code="a">Lương Ngọc Khuê</subfield>
   <subfield code="e">Đồng chủ biên</subfield>
  </datafield>
  <datafield tag="700" ind1="1" ind2=" ">
   <subfield code="a">Nguyễn Quốc Anh</subfield>
   <subfield code="e">Đồng chủ biên</subfield>
  </datafield>
  <datafield tag="700" ind1="1" ind2=" ">
   <subfield code="a">Nguyễn Thị Ngọc Lan</subfield>
   <subfield code="e">Đồng chủ biên</subfield>
  </datafield>
  <datafield tag="700" ind1="1" ind2=" ">
   <subfield code="a">Nguyễn Mai Hồng</subfield>
   <subfield code="e">Đồng chủ biên</subfield>
  </datafield>
  <datafield tag="942" ind1=" " ind2=" ">
   <subfield code="2">ddc</subfield>
   <subfield code="c">BK</subfield>
  </datafield>
  <datafield tag="952" ind1=" " ind2=" ">
   <subfield code="0">0</subfield>
   <subfield code="1">0</subfield>
   <subfield code="2">ddc</subfield>
   <subfield code="4">0</subfield>
   <subfield code="6">616_700000000000000_X527</subfield>
   <subfield code="7">0</subfield>
   <subfield code="9">15549</subfield>
   <subfield code="a">000001</subfield>
   <subfield code="b">000001</subfield>
   <subfield code="d">2019-02-16</subfield>
   <subfield code="l">1</subfield>
   <subfield code="m">1</subfield>
   <subfield code="o">616.7 X527</subfield>
   <subfield code="p">MD.14296</subfield>
   <subfield code="r">2020-09-16</subfield>
   <subfield code="s">2020-08-26</subfield>
   <subfield code="v">93000.00</subfield>
   <subfield code="w">2019-02-16</subfield>
   <subfield code="y">BK</subfield>
  </datafield>
  <datafield tag="952" ind1=" " ind2=" ">
   <subfield code="0">0</subfield>
   <subfield code="1">0</subfield>
   <subfield code="2">ddc</subfield>
   <subfield code="4">0</subfield>
   <subfield code="6">616_700000000000000_X527</subfield>
   <subfield code="7">0</subfield>
   <subfield code="9">15550</subfield>
   <subfield code="a">000001</subfield>
   <subfield code="b">000001</subfield>
   <subfield code="d">2019-02-16</subfield>
   <subfield code="l">1</subfield>
   <subfield code="o">616.7 X527</subfield>
   <subfield code="p">MD.14297</subfield>
   <subfield code="r">2019-09-20</subfield>
   <subfield code="s">2019-09-13</subfield>
   <subfield code="v">93000.00</subfield>
   <subfield code="w">2019-02-16</subfield>
   <subfield code="y">BK</subfield>
  </datafield>
  <datafield tag="952" ind1=" " ind2=" ">
   <subfield code="0">0</subfield>
   <subfield code="1">0</subfield>
   <subfield code="2">ddc</subfield>
   <subfield code="4">0</subfield>
   <subfield code="6">616_700000000000000_X527</subfield>
   <subfield code="7">0</subfield>
   <subfield code="9">15551</subfield>
   <subfield code="a">000001</subfield>
   <subfield code="b">000001</subfield>
   <subfield code="d">2019-02-16</subfield>
   <subfield code="o">616.7 X527</subfield>
   <subfield code="p">MD.14298</subfield>
   <subfield code="r">2019-02-16</subfield>
   <subfield code="v">93000.00</subfield>
   <subfield code="w">2019-02-16</subfield>
   <subfield code="y">BK</subfield>
  </datafield>
  <datafield tag="952" ind1=" " ind2=" ">
   <subfield code="0">0</subfield>
   <subfield code="1">0</subfield>
   <subfield code="2">ddc</subfield>
   <subfield code="4">0</subfield>
   <subfield code="6">616_700000000000000_X527</subfield>
   <subfield code="7">0</subfield>
   <subfield code="9">15552</subfield>
   <subfield code="a">000001</subfield>
   <subfield code="b">000001</subfield>
   <subfield code="d">2019-02-16</subfield>
   <subfield code="o">616.7 X527</subfield>
   <subfield code="p">MD.14299</subfield>
   <subfield code="r">2019-02-16</subfield>
   <subfield code="v">93000.00</subfield>
   <subfield code="w">2019-02-16</subfield>
   <subfield code="y">BK</subfield>
  </datafield>
  <datafield tag="952" ind1=" " ind2=" ">
   <subfield code="0">0</subfield>
   <subfield code="1">0</subfield>
   <subfield code="2">ddc</subfield>
   <subfield code="4">0</subfield>
   <subfield code="6">616_700000000000000_X527</subfield>
   <subfield code="7">0</subfield>
   <subfield code="9">15553</subfield>
   <subfield code="a">000001</subfield>
   <subfield code="b">000001</subfield>
   <subfield code="d">2019-02-16</subfield>
   <subfield code="o">616.7 X527</subfield>
   <subfield code="p">MD.14300</subfield>
   <subfield code="r">2019-02-16</subfield>
   <subfield code="v">93000.00</subfield>
   <subfield code="w">2019-02-16</subfield>
   <subfield code="y">BK</subfield>
  </datafield>
  <datafield tag="980" ind1=" " ind2=" ">
   <subfield code="a">Thư viện Trường Đại học Nam Cần Thơ</subfield>
  </datafield>
 </record>
</collection>
